[Event "FRA-chT2"]
[Site "France"]
[Date "2002.01.??"]
[Round "6"]
[White "Kremser, Marion"]
[Black "Renguaine, Celine"]
[Result "0-1"]
[WhiteElo "1610"]
[BlackElo "1450"]
[PlyCount "78"]
[EventDate "2002.??.??"]
[EventType "team"]
[EventRounds "11"]
[EventCountry "FRA"]
[SourceTitle "EXT 2003"]
[Source "ChessBase"]
[SourceDate "2002.11.25"]
[SourceVersion "1"]
[SourceVersionDate "2002.11.25"]
[SourceQuality "1"]

1. e4 e6 2. d4 d5 3. e5 c5 4. c3 Nc6 5. Nf3 Bd7 6. Be2 Rc8 7. 0-0 cxd4 8. cxd4 Qb6 9. b3 Nge7 10. Na3 a6 11. Nc2 Ng6 12. Bb2 Be7 13. Rc1 0-0 14. Ne3 Nf4 15. Re1 Nb4 16. Ba3 Qa5 17. Bb2 Rxc1 18. Bxc1 Nxa2 19. Bd2 Nc3 20. Bxc3 Qxc3 21. Bf1 Rc8 22. Qb1 h6 23. g3 Ng6 24. Bd3 Nf8 25. Bc2 Ba3 26. Qa2 Qb2 27. Qxb2 Bxb2 28. Re2 Bc1 29. Bd3 Rc3 30. Rc2 Rxd3 31. Rxc1 Rxb3 32. Rc7 Rb1+ 33. Kg2 Bc6 34. Nd2 Rb2 35. Nef1 Bb5 36. Rc1 Bxf1+ 37. Nxf1 Rb4 38. Rd1 Nd7 39. Ne3 f6 0-1

[Event "FRA-ch U18 Girls"]
[Site "Hyeres"]
[Date "2002.??.??"]
[Round "6.5"]
[White "Le Diouron, Aurelie"]
[Black "Renguaine, Celine"]
[Result "1/2-1/2"]
[WhiteElo "1860"]
[BlackElo "1450"]
[PlyCount "66"]
[EventDate "2002.04.05"]
[EventType "swiss"]
[EventRounds "9"]
[EventCountry "FRA"]
[SourceTitle "EXT 2003"]
[Source "ChessBase"]
[SourceDate "2002.11.25"]
[SourceVersion "1"]
[SourceVersionDate "2002.11.25"]
[SourceQuality "1"]

1. e4 e6 2. d4 d5 3. Nd2 Nc6 4. Ngf3 Nf6 5. e5 Nd7 6. Bd3 Be7 7. 0-0 a5 8. Re1 b6 9. Nf1 Ba6 10. Bxa6 Rxa6 11. Ng3 0-0 12. h3 Ncb8 13. Nh2 c5 14. c3 Nc6 15. Ng4 cxd4 16. cxd4 Bg5 17. f4 Be7 18. Nh5 Kh8 19. Rf1 Nxd4 20. Kh1 Nf5 21. Ne3 g6 22. Nxf5 exf5 23. Ng3 Nc5 24. Be3 Ne6 25. Qd3 Ra7 26. Rfd1 Rd7 27. Rac1 Bc5 28. Bd2 Qe7 29. Ne2 Rfd8 30. Be1 Bb4 31. Bf2 Bc5 32. Be1 Bb4 33. Bf2 Bc5 1/2-1/2

[Event "FRA-ch U18 Girls"]
[Site "Hyeres"]
[Date "2002.??.??"]
[Round "7.9"]
[White "Renguaine, Celine"]
[Black "Lofi, Sarah"]
[Result "0-1"]
[WhiteElo "1450"]
[BlackElo "1680"]
[PlyCount "80"]
[EventDate "2002.04.05"]
[EventType "swiss"]
[EventRounds "9"]
[EventCountry "FRA"]
[SourceTitle "EXT 2003"]
[Source "ChessBase"]
[SourceDate "2002.11.25"]
[SourceVersion "1"]
[SourceVersionDate "2002.11.25"]
[SourceQuality "1"]

1. c4 c5 2. Nc3 Nc6 3. g3 g6 4. Bg2 Bg7 5. Nf3 Nf6 6. 0-0 0-0 7. e3 d6 8. d4 cxd4 9. exd4 d5 10. b3 dxc4 11. bxc4 Bf5 12. Bb2 Qc8 13. Re1 Re8 14. Qd2 Nb4 15. Red1 Qxc4 16. Ne5 Qa6 17. Bf1 Qe6 18. Bg2 Nbd5 19. Ne2 Bh3 20. Bh1 Rab8 21. Ba3 Qf5 22. f3 h5 23. Nc3 Nxc3 24. Qxc3 Bh6 25. Bc1 Rbc8 26. Qe1 Bxc1 27. Raxc1 Rxc1 28. Rxc1 Rc8 29. Qd2 Rxc1+ 30. Qxc1 Kg7 31. Qb2 Qc8 32. f4 b6 33. Nc6 Qa6 34. Qf2 Qa3 35. Qd2 Qa6 36. Qf2 Qd3 37. Qe1 e6 38. Qc1 Ng4 39. Qe1 Qc2 40. Nb4 Qxh2# 0-1